All Aeromexico Destinations (2025) - Statistics

General Stats
  • This quiz has been taken 286 times
    75 since last reset
  • The average score is 66 of 101
Answer Stats
Hint Answer % Correct
United States Chicago
100%
United Kingdom London (Heathrow)
100%
United States New York (JFK)
100%
Netherlands Amsterdam
98%
United States Atlanta
98%
Colombia Bogota
98%
Argentina Buenos Aires
98%
United States Denver
98%
Guatemala Guatemala City
98%
United States Los Angeles
98%
Spain Madrid
98%
Panama Panama City
98%
France Paris
98%
Italy Rome
98%
Chile Santiago de Chile
98%
South Korea Seoul
98%
Japan Tokyo (NRT)
98%
United States Dallas
96%
Cuba Havana
96%
Peru Lima
96%
United States Miami
96%
Canada Montreal
96%
Costa Rica San Jose
96%
Brazil Sao Paulo
96%
Canada Toronto
96%
United States Houston
94%
United States San Francisco
94%
United States Seattle
94%
Canada Vancouver
94%
United States Washington (IAD)
94%
El Salvador San Salvador
92%
Dominican Republic Santo Domingo
92%
United States Austin
90%
United States Boston
90%
United States Orlando
90%
Mexico Cancun
88%
United States Tampa
88%
United States San Antonio
86%
Nicaragua Managua
84%
Mexico Mexico City
84%
Mexico Mexico City/Santa Lucia
84%
United States Philadelphia
84%
United States Phoenix
84%
Colombia Medellin
82%
United States Las Vegas
80%
United States Salt Lake City
80%
Colombia Cali
78%
Mexico Guadalajara
78%
United States Newark
78%
United States Detroit
76%
Mexico Monterrey
73%
Dominican Republic Punta Cana
73%
United States Sacramento
71%
Mexico Tijuana
71%
Colombia Cartagena
67%
Mexico San Jose del Cabo
63%
Mexico Ciudad Juarez
59%
United States Raleigh/Durham
59%
Mexico Merida
57%
Mexico Acapulco
55%
Mexico Oaxaca
53%
Mexico Puerto Vallarta
51%
Honduras San Pedro Sula
51%
Mexico Veracruz
51%
Mexico Tulum
49%
Mexico Chihuahua
47%
United States Fresno
47%
Mexico Leon
47%
Mexico Mazatlan
47%
Mexico San Luis Potosi
45%
Mexico Cozumel
43%
Mexico Hermosillo
43%
Mexico La Paz
43%
Mexico Aguascalientes
41%
Mexico Queretaro
41%
Mexico Durango
37%
United States McAllen
37%
Mexico Morelia
37%
Mexico Mexicali
35%
Mexico Culiacan
33%
Mexico Ixtapa / Zihuatanejo
31%
Mexico Tampico
29%
Mexico Villahermosa
29%
Mexico Ciudad del Carmen
27%
Mexico Colima
27%
Mexico Torreon
27%
Mexico Zacatecas
25%
Mexico Campeche
24%
Mexico Matamoros
24%
Mexico Los Mochis
22%
Mexico Reynosa
22%
Mexico Tepic
22%
Mexico Puerto Escondido
20%
Mexico Chetumal
18%
Mexico Huatulco
16%
Mexico Manzanillo
16%
Mexico Nuevo Laredo
16%
Mexico Tuxtla Gutierrez
16%
Mexico Ciudad Obregon
12%
Mexico Minatitlan
8%
Mexico Tapachula
8%
No matching quizzes found
Score Distribution
Percent of People with Each Score
Percentile by Number Answered
Your Score History
You have not taken this quiz since the last reset